Donner sens à l'ultime philosophie de la religion d'Alfred Loisy

Saved in:  
Bibliographic Details
Main Author: Lannoy, Annelies 1984- (Author)
Format: Electronic Article
Language:French
Check availability: HBZ Gateway
Interlibrary Loan:Interlibrary Loan for the Fachinformationsdienste (Specialized Information Services in Germany)
Published: 2025
In: Revue de théologie et de philosophie
Year: 2025, Volume: 157, Issue: 2/3, Pages: 131-153
Standardized Subjects / Keyword chains:B Loisy, Alfred 1857-1940 / Religious philosophy / Philosophy / History 1917-1937
RelBib Classification:AB Philosophy of religion; criticism of religion; atheism
KAJ Church history 1914-; recent history
VA Philosophy
Online Access: Volltext (lizenzpflichtig)
Volltext (lizenzpflichtig)

MARC

LEADER 00000caa a22000002c 4500
001 1938227417
003 DE-627
005 20260121145353.0
007 cr uuu---uuuuu
008 251010s2025 xx |||||o 00| ||fre c
024 7 |a 10.47421/RThPh_157.2-3_131-153  |2 doi 
035 |a (DE-627)1938227417 
035 |a (DE-599)KXP1938227417 
040 |a DE-627  |b ger  |c DE-627  |e rda 
041 |a fre 
084 |a 0  |a 1  |2 ssgn 
100 1 |e VerfasserIn  |0 (DE-588)1217489193  |0 (DE-627)173048784X  |4 aut  |a Lannoy, Annelies  |d 1984- 
109 |a Lannoy, Annelies 1984-  |a Lannoy, A. 1984- 
245 1 0 |a Donner sens à l'ultime philosophie de la religion d'Alfred Loisy 
264 1 |c 2025 
336 |a Text  |b txt  |2 rdacontent 
337 |a Computermedien  |b c  |2 rdamedia 
338 |a Online-Ressource  |b cr  |2 rdacarrier 
601 |a Religion 
652 |a AB:KAJ:VA 
689 0 0 |d p  |0 (DE-588)118574124  |0 (DE-627)134353447  |0 (DE-576)16202875X  |2 gnd  |a Loisy, Alfred  |d 1857-1940 
689 0 1 |d s  |0 (DE-588)4049415-9  |0 (DE-627)104598581  |0 (DE-576)209081953  |2 gnd  |a Religionsphilosophie 
689 0 2 |d s  |0 (DE-588)4045791-6  |0 (DE-627)106200259  |0 (DE-576)209066873  |2 gnd  |a Philosophie 
689 0 3 |q z  |2 gnd  |a Geschichte 1917-1937 
689 0 |5 (DE-627) 
773 0 8 |i Enthalten in  |t Revue de théologie et de philosophie  |d Genève : Librairie Droz S.A., 1913  |g 157(2025), 2/3, Seite 131-153  |h Online-Ressource  |w (DE-627)1023021854  |w (DE-600)2930286-9  |w (DE-576)505407299  |x 2297-1254  |7 nnas 
773 1 8 |g volume:157  |g year:2025  |g number:2/3  |g pages:131-153 
856 4 0 |u https://doi.org/10.47421/RThPh_157.2-3_131-153  |x Resolving-System  |z lizenzpflichtig  |3 Volltext  |7 1 
856 4 0 |u https://revues.droz.org/RThPh/article/view/RThPh_157.2-3_131-153  |x Verlag  |z lizenzpflichtig  |3 Volltext  |7 1 
935 |a BiBIL 
951 |a AR 
BIB |a 1 
ELC |a 1 
ITA |a 1  |t 1 
LOK |0 000 xxxxxcx a22 zn 4500 
LOK |0 001 4784543694 
LOK |0 003 DE-627 
LOK |0 004 1938227417 
LOK |0 005 20260121145353 
LOK |0 008 251010||||||||||||||||ger||||||| 
LOK |0 040   |a DE-Tue135  |c DE-627  |d DE-Tue135 
LOK |0 092   |o n 
LOK |0 852   |a DE-Tue135 
LOK |0 852 1  |9 00 
LOK |0 935   |a ixzs  |a ixzo 
LOK |0 936ln  |0 1442042990  |a AB 
LOK |0 936ln  |0 1442053844  |a VA 
LOK |0 936ln  |0 1442044640  |a KAJ 
LOK |0 939   |a 10-10-25  |b l01 
LOK |0 000 xxxxxcx a22 zn 4500 
LOK |0 001 4798539767 
LOK |0 003 DE-627 
LOK |0 004 1938227417 
LOK |0 005 20251107124131 
LOK |0 008 251107||||||||||||||||ger||||||| 
LOK |0 040   |a DE-Tue135-5  |c DE-627  |d DE-Tue135-5 
LOK |0 092   |o n 
LOK |0 852   |a DE-Tue135-5 
LOK |0 852 1  |9 00 
LOK |0 935   |a lsix 
LOK |0 939   |a 07-11-25  |b l01 
ORI |a SA-MARC-ixtheoa001.raw 
REF |a Philosophiegeschichte 
REL |a 1 
STA 0 0 |a Philosophy,Philosophy in literature,Religious philosophy,Philosophy of religion,Religion 
STB 0 0 |a Philosophie des religions,Philosophie,Philosophie 
STC 0 0 |a Filosofía de religión,Filosofía,Filosofía 
STD 0 0 |a Filosofia della religione,Filosofia,Filosofia 
STE 0 0 |a 哲学,宗教哲学 
STF 0 0 |a 哲學,宗教哲學 
STG 0 0 |a Filosofia da religião,Filosofia,Filosofia 
STH 0 0 |a Философия (мотив),Философия,Философия религии 
STI 0 0 |a Φιλοσοφία (μοτίβο),Φιλοσοφία,Φιλοσοφία της θρησκείας 
SUB |a BIB  |a REL 
SYG 0 0 |a Loisy, Alfred Firmin,1857-1940,Loisy, Alfred F.,1857-1940,Loisy, A.,1857-1940,Loisy,Abbé,1857-1940 , Philosophy,Philosophieren 
TIM |a 100019170101_100019371231  |b Geschichte 1917-1937